Wszystkie miejscowości Śląska Cieszyńskiego(z mapą) - Statystyki

Ogólne statystyki
  • Ten quiz został rozwiązany 182 razy
    178 od ostatniego zresetowania
  • Średni wynik to 25 z 160
Odpowiedzi na mapie
Odpowiedzi zakodowano w zielono-czerwonej skali na mapie do tego quizu, zgodnie z poniższymi procentami.
 
Statystyki odpowiedzi
Odpowiedź % Poprawnych
Cieszyn
98%
Wisła
78%
Czeski Cieszyn
74%
Bielsko-Biała (Bielsko)
73%
Ustroń
73%
Ostrawa
68%
Skoczów
65%
Istebna
58%
Brenna
52%
Koniaków
50%
Czechowice Dziedzice
49%
Goleszów
48%
Haźlach
46%
Karwina
45%
Frydek-Mistek
43%
Zebrzydowice
43%
Jaworzynka
42%
Strumień
42%
Trzyniec
39%
Chybie
38%
Kaczyce
33%
Jabłonków
32%
Górki Małe
31%
Jasienica
31%
Górki Wielkie
30%
Kończyce Małe
30%
Pogwizdów
30%
Bażanowice
27%
Bogumin
27%
Drogomyśl
27%
Jaworze
27%
Cisownica
26%
Kończyce Wielkie
26%
Hawierzów
25%
Puńców
25%
Dębowiec
24%
Marklowice
24%
Dzięgielów
23%
Gumna
23%
Leszna Górna
22%
Pierściec
22%
Pogórze
22%
Harbutowice
21%
Mnich
21%
Zamarski
21%
Kisielów
20%
Bąków
18%
Grodziec
18%
Pruchna
18%
Wiślica
18%
Zabrzeg
17%
Ochaby Małe
16%
Ochaby Wielkie
16%
Orłowa
16%
Iskrzyczyn
15%
Międzyświeć
15%
Kiczyce
14%
Ligota
14%
Ogrodzona
14%
Świętoszówka
14%
Zabłocie
14%
Zaborze
14%
Zbytków
14%
Kostkowice
13%
Kowale
13%
Rudzica
13%
Godziszów
12%
Landek
12%
Mazańcowice
12%
Wilamowice
11%
Bystra
10%
Dziecmorowice
10%
Iłownica
10%
Kocobędz
10%
Łączka
10%
Mosty koło Jabłonkowa
10%
Nawsie
10%
Nydek
10%
Piotrowice koło Karwiny
10%
Biery
9%
Brzezówka
9%
Gnojnik
9%
Stonawa
9%
Zarzecze
9%
Bystrzyca
8%
Gródek
8%
Kozakowice Górne
8%
Ropica
8%
Rudnik
8%
Bronów
7%
Kozakowice Dolne
7%
Lutynia Dolna
7%
Międzyrzecze Dolne
7%
Międzyrzecze Górne
7%
Simoradz
7%
Bładnice Dolne
6%
Bładnice Górne
6%
Frelichów
6%
Łazy
6%
Łomna Dolna
6%
Rychwałd
6%
Bielowicko
5%
Boconowice
5%
Bukowiec
5%
Cierlicko
5%
Łomna Górna
5%
Olbrachcice
5%
Roztropice
5%
Sucha Górna
5%
Szonów
5%
Wędrynia
5%
Ligota Alodialna
4%
Ligotka Kameralna
4%
Miliardowice
4%
Stare Hamry
4%
Wieszczęta
4%
Dąbrowa
3%
Koszarzyska
3%
Pietrwałd
3%
Piosek
3%
Baszka
2%
Dobra
2%
Domasłowice Dolne
2%
Frydland nad Ostrawicą
2%
Łucyna
2%
Milików
2%
Morawka
2%
Noszowice
2%
Ostrawica
2%
Piaseczna
2%
Racimów
2%
Rzepiszcze
2%
Stare Miasto
2%
Szobiszowice
2%
Toszonowice Dolne
2%
Toszonowice Górne
2%
Trzanowice
2%
Trzycież
2%
Żermanice
2%
Błędowice Górne
1%
Bruzowice
1%
Dobracice
1%
Domasłowice Górne
1%
Janowice
1%
Kaniowice
1%
Krasno
1%
Ligota Dolna
1%
Ligota Górna
1%
Malenowice
1%
Październa
1%
Prazmo
1%
Przno
1%
Raczkowice
1%
Rudów
1%
Rzeka
1%
Smilowice
1%
Więcłowice
1%
Wielopole
1%
Wojkowice
1%
Nie znaleziono quizów pasujących do podanych kryteriów
Rozkład punktacji
Procent ludzi z każdym wynikiem
Percentyl według liczby udzielonych odpowiedzi
Twoja historia wyników
Nie rozwiązałeś tego quizu od ostatniego zresetowania